| 000 | 00381nam a22001697a 4500 | ||
|---|---|---|---|
| 999 |
_c11548 _d11548 |
||
| 003 | OSt | ||
| 008 | 220923b ||||| |||| 00| 0 eng d | ||
| 020 | _a9780070140806 | ||
| 082 | _a005.133 SCT | ||
| 100 | _aSCHILDT,Herbert | ||
| 245 | _aC# 3.0 The Complete Reference | ||
| 250 | _a3rd | ||
| 260 |
_aNew Delhi _bTMH _c2009 |
||
| 300 | _aMISC | ||
| 650 | _aIT | ||
| 942 |
_2ddc _cBK |
||